Ratings Logic Puzzle Quiz Stats

 Plays Quiz Updated Jun 9, 2018

Challenge
Share
Tweet
Score 0/25 Timer 08:00
33 Plays Today
Hint Answer % Correct

Robert




???
100%

Sarah




???
81.8%

Richard




???
80.2%

Vincent




???
78.2%

Amber




???
65%

Simon




???
64.3%

Elspeth




???
64%

Isla




???
56.4%

Isaac




???
56.2%

Irene




???
55.9%

Flora




???
49.1%

Quentin




???
48.2%

Louis




???
47.9%
Hint Answer % Correct

Julia




???
45.9%

Lisa




???
44.3%

Alice




???
41%

Victor




???
39%

Paul




???
38.9%

Stanley




???
38.8%

Elvis




???
38.7%

Anthony




???
38%

Joanna




???
36.1%

Audrey




???
36%

Oliver




???
35.6%

Gabrielle




???
35.4%

You're not logged in!

Compare scores with friends on all Sporcle quizzes.
Join for Free
OR
Log In

You Might Also Like...

Show Comments

Extras

Top Quizzes Today


Score Distribution

Your Account Isn't Verified!

In order to create a playlist on Sporcle, you need to verify the email address you used during registration. Go to your Sporcle Settings to finish the process.

Report this User

Report this user for behavior that violates our Community Guidelines.

Details: